Investice, vědeckotechnický rozvoj a jejich řízení /

Na minha lista:
Detalhes bibliográficos
Autor principal: Miková, Libuše (xxx)
Formato: Livro
Idioma:tcheco
Publicado em: Praha : SNTL, 1983
Edição:2.přepr.vyd.
Assuntos:
Tags: Adicionar Tag
Sem tags, seja o primeiro a adicionar uma tag!

MARC

LEADER 00000nam a22000003a 4500
001 stu45338
005 20150617225715.1
008 960219s1983----cs------------------cze-d
040 |a STU  |b slo 
041 0 |a cze 
044 |a cs 
080 |a 330.322  |7 stu_us_auth*stu5474 
080 |a 301.15 
080 |a 62(075.8) 
100 1 |a Miková, Libuše  |4 xxx 
245 1 |a Investice, vědeckotechnický rozvoj a jejich řízení /  |c Libuše Miková a kol 
250 |a 2.přepr.vyd. 
260 |a Praha :  |b SNTL,  |c 1983 
300 |a 261 s 
650 7 |a investície  |2 stusub 
650 7 |a VTR  |2 stusub 
996 |b 284M035532  |c M*2028-2  |l MMKN  |s A  |a 24  |w stu45338_0001